00992 2200181 4500001002100000005001500021035002000036245004900056100000900105250001000114300002300124260003300147082000800180084001400188020002200202650003100224520055500255INLIS00000000000011920210222104036 a0010-02210000921 aSuper Seru Belajar Grammar /cDiyan Yulianto0 aDian acet.1 a164hal. ;c14x20cm aYogyakarta :bLaksana,c2017 a420 a420 DIA s a978-602-407-121-9 4aPengetahuan Bahasa Inggris aGrammar itu rumit, susah, dan membosakan, demikian anggapan yang sering kali membuat banyak orang malas mempelajari grammar. Padahal, sebenarnya balajar grammar bisa menjadi aktivitas yang seru jika anda punya buku pegangan yang juga seru. Buktinya ada di buku ini! Ragam Tenses, kalimat aktif dan pasif, adjective, adverb, pronoun, serta materi tentang grammar lainnya disampaikan dengan bahasa yang mudah dipahami, serta dilengkapi dengan contoh dan latihan soal. Dengan buku ini, belajar grammar akan lebih seru dan menyenangkan. Selmat Belajar